| 000 | 00482nam a2200181Ia 4500 | ||
|---|---|---|---|
| 001 | 22634 | ||
| 005 | 20260414150844.0 | ||
| 008 | 260414t2005||||xx |||||||||||||| ||spa|| | ||
| 041 | _aESP | ||
| 082 |
_a621.3822 _bR71 |
||
| 100 |
_aRoberts, Michael J. _eAUT |
||
| 245 | 0 |
_aSeñales y sistemas : _banálisis mediante métodos de transformada y MATLAB |
|
| 260 | _c2005 | ||
| 300 |
_axviii, 874 páginas : _c27 cm. |
||
| 650 | _aTCA | ||
| 654 | _aCET | ||
| 942 |
_cLIB _dJUS _fJUS _2ddc _n |
||
| 999 |
_c22634 _d22634 |
||